Welcome to the Holygrace Academy Library

Please use search bar below to get started

TWO LITTLE FRIENDS AND OTHER STORIES (Record no. 5578)

MARC details
000 -LEADER
fixed length control field 00348nam a22001457a 4500
020 ## - INTERNATIONAL STANDARD BOOK NUMBER
ISBN 81-7176-066-X
082 ## - DEWEY DECIMAL CLASSIFICATION NUMBER
Classification number 823
Item number KUD/T
100 ## - MAIN ENTRY--AUTHOR NAME
Personal name KUDAKKACHIRA, THOMAS
245 ## - TITLE STATEMENT
Title TWO LITTLE FRIENDS AND OTHER STORIES
260 ## - PUBLICATION, DISTRIBUTION, ETC. (IMPRINT)
Place of publication THRISSUR
Name of publisher H&C
300 ## - PHYSICAL DESCRIPTION
Number of Pages 42
520 ## - SUMMARY, ETC.
Summary, etc ENGLISH SHORT STORY
650 ## - SUBJECT ADDED ENTRY--TOPICAL TERM
Topical Term ENGLISH SHORT STORY
Geographic subdivision KERALA
942 ## - ADDED ENTRY ELEMENTS (KOHA)
Koha item type Books
Holdings
Withdrawn status Lost status Collection code Home library Current library Shelving location Date acquired Source of acquisition Cost, normal purchase price Full call number Accession Number Koha item type
    Fiction Main Library Main Library SHELF 3- J- ENGLISH CHILDRENS LITERATURE &MYTHOLOGY 07/05/2004 PURCHASE 10.00 823 KUD/T 00384 Books
    Fiction Main Library Main Library SHELF 3- J- ENGLISH CHILDRENS LITERATURE &MYTHOLOGY 07/05/2004 PURCHASE 10.00 823 KUD/T 00387 Books